[Event "Quebec-ch qual 1"]
[Site "Montreal CAN"]
[Date "2004.05.02"]
[Round "4"]
[White "Delisle, Louis-Martin"]
[Black "Cloutier, Mathieu"]
[Result "0-1"]
[WhiteElo "1731"]
[BlackElo "1996"]
[PlyCount "94"]
[GameId "2160767911158409"]
[EventDate "2004.04.30"]
[EventType "swiss"]
[EventRounds "5"]
[EventCountry "CAN"]

1. d4 Nf6 2. Bg5 e6 3. e4 h6 4. Bxf6 Qxf6 5. Nf3 d6 6. Nc3 Nd7 7. Bc4 a6 8. a4 Qd8 9. O-O Be7 10. Ne2 O-O 11. e5 c5 12. c3 cxd4 13. cxd4 dxe5 14. dxe5 Qc7 15. Rc1 Nxe5 16. Bxe6 Nxf3+ 17. gxf3 Qe5 18. Bxc8 Raxc8 19. Ng3 Rxc1 20. Qxc1 Qd5 21. Ne4 f5 22. Rd1 Qb3 23. Nc3 Qe6 24. Re1 Qg6+ 25. Kh1 Bd6 26. Qd1 Bb8 27. Rg1 Qh5 28. Rg2 Qf7 29. Qd2 Re8 30. Rg1 Qh5 31. Rg2 Qxf3 32. Nd5 Re6 33. Ne3 Rg6 34. Kg1 Rd6 35. Qc2 Rc6 36. Qd2 Be5 37. Nf1 Rd6 38. Qc2 Rd1 39. b4 Qd3 40. Qxd3 Rxd3 41. Rg6 Kf7 42. Rg2 Rd1 43. h3 g5 44. b5 axb5 45. axb5 Rb1 46. b6 Kf6 47. h4 g4 0-1

[Event "Quebec-ch qual 1"]
[Site "Montreal CAN"]
[Date "2004.05.02"]
[Round "4"]
[White "Furger, Joseph"]
[Black "Dominique, Vladimir"]
[Result "0-1"]
[WhiteElo "1363"]
[BlackElo "1793"]
[PlyCount "164"]
[GameId "2160767911158411"]
[EventDate "2004.04.30"]
[EventType "swiss"]
[EventRounds "5"]
[EventCountry "CAN"]

1. f4 Nf6 2. Nf3 d6 3. e3 g6 4. b3 Bg7 5. Bb2 O-O 6. Be2 c5 7. O-O Nc6 8. h3 Bd7 9. Qe1 Nb4 10. Na3 a6 11. d3 b5 12. Qc1 Qb6 13. Nb1 Rfc8 14. a3 Nc6 15. Kh1 Nh5 16. Kh2 Bxb2 17. Qxb2 c4 18. d4 cxb3 19. cxb3 Na5 20. Nbd2 Rc7 21. Rac1 Rac8 22. Ne4 Rxc1 23. Rxc1 Rxc1 24. Qxc1 Nxb3 25. Qb2 Na5 26. Nc3 Qc6 27. Nd2 Nf6 28. Bf3 Qc7 29. g4 Nc4 30. Nxc4 Qxc4 31. g5 Nh5 32. Ne4 Qf1 33. Qg2 Qxg2+ 34. Bxg2 a5 35. Nc3 b4 36. axb4 axb4 37. Nd5 b3 38. Nxe7+ Kf8 39. Nd5 b2 40. Nc3 Bf5 41. e4 Bd7 42. e5 Bf5 43. exd6 b1=Q 44. Nxb1 Bxb1 45. Bc6 Nxf4 46. h4 Bf5 47. Bb7 Bd7 48. Bf3 Ne6 49. d5 Nd4 50. Bd1 Ke8 51. h5 Nf5 52. hxg6 hxg6 53. Bc2 Nxd6 54. Kg3 Bf5 55. Ba4+ Ke7 56. Kf4 Nc4 57. Bb3 Bd3 58. Bd1 Kd6 59. Bf3 Bf5 60. Bg2 Nb6 61. Ke3 Nxd5+ 62. Kd4 Nf4 63. Bh1 Ne6+ 64. Ke3 Nxg5 65. Kf4 Ne6+ 66. Ke3 Ke5 67. Bf3 g5 68. Bh5 f6 69. Be8 g4 70. Kf2 Kf4 71. Bc6 g3+ 72. Kg1 Be4 73. Bd7 Ng5 74. Bc8 Nf3+ 75. Kg2 Nh4+ 76. Kg1 f5 77. Ba6 Nf3+ 78. Kg2 Ng5+ 79. Kf1 g2+ 80. Ke2 g1=Q 81. Kd2 Qg2+ 82. Kd1 Nf3 0-1

[Event "Quebec-ch qual 1"]
[Site "Montreal CAN"]
[Date "2004.05.02"]
[Round "4"]
[White "Landry, Sylvain"]
[Black "Anastasovski, Nikola"]
[Result "1/2-1/2"]
[WhiteElo "2092"]
[BlackElo "2051"]
[PlyCount "104"]
[GameId "2160767911158412"]
[EventDate "2004.04.30"]
[EventType "swiss"]
[EventRounds "5"]
[EventCountry "CAN"]

1. e4 e5 2. Bc4 Nc6 3. Nf3 Bc5 4. d3 Nf6 5. O-O d6 6. c3 Bb6 7. Bb3 Bg4 8. Nbd2 Qd7 9. Nc4 h6 10. a4 Na5 11. Nxb6 axb6 12. Bc2 Nc6 13. Re1 O-O 14. Qe2 Rae8 15. h3 Bh5 16. Qe3 d5 17. Nh4 Ne7 18. Qg3 Bg6 19. Qf3 Nh7 20. g4 Ng5 21. Qg2 c6 22. Be3 d4 23. cxd4 exd4 24. Bd2 f6 25. f4 Nh7 26. a5 bxa5 27. Rxa5 Ra8 28. Rea1 Rxa5 29. Rxa5 b6 30. Ra1 Bf7 31. Nf3 Ng6 32. Qh2 c5 33. Qg3 Qb5 34. b3 Qc6 35. f5 Ne7 36. Rc1 Ra8 37. b4 Qd7 38. e5 Qc7 39. Qe1 Bd5 40. Bd1 Qb7 41. Qg3 Ra2 42. e6 Nc6 43. Qd6 Ne7 44. Qg3 Ng5 45. Bxg5 hxg5 46. Ne1 Nc6 47. Qd6 Ne7 48. Qd8+ Kh7 49. Qe8 Bc6 50. Qh5+ Kg8 51. Qf7+ Kh7 52. Qh5+ Kg8 1/2-1/2

[Event "Quebec-ch qual 1"]
[Site "Montreal CAN"]
[Date "2004.05.02"]
[Round "4"]
[White "Ramaswamy, Kishor"]
[Black "Masse, Hugues"]
[Result "1/2-1/2"]
[WhiteElo "2078"]
[BlackElo "2134"]
[PlyCount "89"]
[GameId "2160767911158413"]
[EventDate "2004.04.30"]
[EventType "swiss"]
[EventRounds "5"]
[EventCountry "CAN"]
[SourceTitle "EXT 2005"]
[Source "ChessBase"]
[SourceDate "2004.11.15"]
[SourceVersion "1"]
[SourceVersionDate "2004.11.15"]
[SourceQuality "1"]

1. d4 Nf6 2. Nf3 g6 3. Bg5 Bg7 4. Nbd2 d5 5. e3 O-O 6. Be2 c5 7. c3 Nbd7 8. O-O b6 9. a4 Bb7 10. b4 Ne4 11. Nxe4 dxe4 12. Nd2 h6 13. Bh4 g5 14. Bg3 cxb4 15. cxb4 e5 16. Nb3 Qe7 17. Rb1 Rfd8 18. f3 Rac8 19. Qd2 Nf8 20. Rfc1 Rxc1+ 21. Rxc1 exd4 22. Nxd4 Ne6 23. Bf2 Nxd4 24. exd4 exf3 25. Bxf3 Bxf3 26. gxf3 Qd7 27. a5 b5 28. d5 a6 29. Rd1 Be5 30. Bg3 Bxg3 31. hxg3 Qh3 32. Qe1 Qf5 33. Qe4 Qh3 34. Qe5 Qd7 35. d6 Re8 36. Qc5 Qh3 37. d7 Qxg3+ 38. Kf1 Qxf3+ 39. Kg1 Qg3+ 40. Kf1 Rd8 41. Qc6 Qf3+ 42. Kg1 Qg3+ 43. Kf1 Qh3+ 44. Kg1 Qg3+ 45. Kf1 1/2-1/2

[Event "Quebec-ch qual 1"]
[Site "Montreal CAN"]
[Date "2004.05.02"]
[Round "4"]
[White "Roy, Guy"]
[Black "Bouchard, Jean-Marc"]
[Result "1/2-1/2"]
[WhiteElo "2071"]
[BlackElo "1916"]
[PlyCount "114"]
[GameId "2160767911158414"]
[EventDate "2004.04.30"]
[EventType "swiss"]
[EventRounds "5"]
[EventCountry "CAN"]

1. b3 d5 2. Bb2 c5 3. e3 Nc6 4. f4 Nf6 5. Nf3 Bg4 6. h3 Bxf3 7. Qxf3 e6 8. a3 Ne4 9. g3 Be7 10. Rg1 Bf6 11. Ra2 Bxb2 12. Rxb2 Qf6 13. c3 Rd8 14. Rc2 a6 15. d3 Nd6 16. Nd2 O-O 17. Kf2 Nf5 18. g4 Nh4 19. Qg3 Ng6 20. g5 Qe7 21. h4 d4 22. Ne4 dxe3+ 23. Qxe3 Rd5 24. Qg3 Rf5 25. h5 Nxf4 26. Ke1 Ne5 27. h6 g6 28. Rf2 Nh5 29. Qh3 Rxf2 30. Nxf2 f6 31. Qe3 Nf7 32. Be2 Nxg5 33. Bxh5 gxh5 34. Ne4 Kh8 35. Nxg5 fxg5 36. Qe5+ Qf6 37. Rxg5 Qxe5+ 38. Rxe5 Rf5 39. Rxe6 Kg8 40. Re7 h4 41. Rxb7 h3 42. Rg7+ Kf8 43. Rg1 h2 44. Rh1 Rh5 45. b4 cxb4 46. axb4 Rxh6 47. Ke2 Ke7 48. c4 Kd6 49. Ke3 Ke5 50. d4+ Kf5 51. b5 axb5 52. cxb5 Rh3+ 53. Kf2 Rb3 54. Rxh2 Rb2+ 55. Kg3 Rb3+ 56. Kg2 Ke4 57. Rxh7 Kxd4 1/2-1/2

[Event "Quebec-ch qual 1"]
[Site "Montreal CAN"]
[Date "2004.05.02"]
[Round "4"]
[White "Sullivan, Neil"]
[Black "Rodriguez, Aaron"]
[Result "1-0"]
[WhiteElo "2191"]
[BlackElo "1805"]
[PlyCount "43"]
[GameId "2160767911158415"]
[EventDate "2004.04.30"]
[EventType "swiss"]
[EventRounds "5"]
[EventCountry "CAN"]

1. e4 g6 2. Nc3 Bg7 3. g3 d6 4. Bg2 Nf6 5. d3 O-O 6. h3 Nc6 7. Be3 e5 8. Qd2 Rb8 9. Bh6 a6 10. Bxg7 Kxg7 11. Nge2 Bd7 12. f4 b5 13. O-O-O a5 14. g4 h6 15. Rdf1 b4 16. Nd1 a4 17. f5 Nh7 18. h4 Rh8 19. g5 hxg5 20. hxg5 Qxg5 21. Rxh7+ Rxh7 22. Qxg5 1-0

[Event "Quebec-ch qual 1"]
[Site "Montreal CAN"]
[Date "2004.05.02"]
[Round "4"]
[White "Zafirov, Stephane"]
[Black "Julien, Gabi"]
[Result "1-0"]
[WhiteElo "2054"]
[BlackElo "1720"]
[PlyCount "101"]
[GameId "2160767911158416"]
[EventDate "2004.04.30"]
[EventType "swiss"]
[EventRounds "5"]
[EventCountry "CAN"]

1. e4 c5 2. Nf3 d6 3. c4 Bg4 4. Be2 Bxf3 5. Bxf3 Nc6 6. g3 g6 7. d3 Bg7 8. Nc3 e6 9. O-O Nge7 10. Bg2 Nd4 11. Be3 Nec6 12. Qd2 O-O 13. f4 a6 14. Kh1 Rb8 15. Rac1 Qd7 16. Qf2 b5 17. b3 Kh8 18. g4 f5 19. exf5 gxf5 20. g5 Qf7 21. Rg1 Qh5 22. Bf1 Qf3+ 23. Qxf3 Nxf3 24. Rg3 Nfd4 25. h4 Kg8 26. h5 Kf7 27. Bd2 b4 28. Ne2 Nxe2 29. Bxe2 a5 30. h6 Bd4 31. Bh5+ Ke7 32. Bf3 Kd7 33. Kg2 Ne7 34. Re1 Ng6 35. Bh5 Bc3 36. Bxg6 Bxd2 37. Re2 Bxf4 38. Bxh7 Bxg3 39. Kxg3 Rh8 40. g6 Ke7 41. Kh4 Kf6 42. Kh5 f4 43. Rg2 e5 44. Rg5 Rxh7 45. gxh7 Rh8 46. Rg7 f3 47. Rg3 Rxh7 48. Rxf3+ Ke6 49. Kg6 Rxh6+ 50. Kxh6 d5 51. Kg5 1-0

[Event "Quebec-ch qual 1"]
[Site "Montreal CAN"]
[Date "2004.05.02"]
[Round "5"]
[White "Charron, Guillaume"]
[Black "Rodriguez, Herver"]
[Result "1-0"]
[WhiteElo "1644"]
[BlackElo "1852"]
[PlyCount "83"]
[GameId "2160767911158417"]
[EventDate "2004.04.30"]
[EventType "swiss"]
[EventRounds "5"]
[EventCountry "CAN"]

1. e4 g6 2. d4 Bg7 3. c4 d6 4. Nc3 Nf6 5. Nf3 O-O 6. Be2 e5 7. d5 Nbd7 8. Be3 Ng4 9. Bg5 f6 10. Bh4 a5 11. Nd2 Nh6 12. f3 Nc5 13. b3 g5 14. Bf2 b6 15. a3 Bd7 16. O-O f5 17. Qc2 f4 18. b4 Nb7 19. Nb3 g4 20. c5 bxc5 21. bxc5 a4 22. Nc1 Nxc5 23. Bxc5 dxc5 24. Nd3 Qe7 25. Nb2 gxf3 26. Bxf3 Rf6 27. Ncxa4 Bb5 28. Nxc5 Bxf1 29. Kxf1 Bf8 30. Nbd3 c6 31. Qb3 Kh8 32. Ne6 cxd5 33. exd5 Qd6 34. Ndc5 Rb8 35. Qc2 Nf5 36. Qa4 Ne3+ 37. Kg1 Rc8 38. Qa7 Rxc5 39. Be4 Rh6 40. Rb1 Rxd5 41. Bxd5 Qxd5 42. Qg7+ 1-0

[Event "Quebec-ch qual 1"]
[Site "Montreal CAN"]
[Date "2004.05.02"]
[Round "5"]
[White "Dominique, Vladimir"]
[Black "Cloutier, Mathieu"]
[Result "0-1"]
[WhiteElo "1793"]
[BlackElo "1996"]
[PlyCount "54"]
[GameId "2160767911158418"]
[EventDate "2004.04.30"]
[EventType "swiss"]
[EventRounds "5"]
[EventCountry "CAN"]

1. e4 c5 2. Nf3 d6 3. d4 cxd4 4. Nxd4 Nf6 5. Nc3 a6 6. Bg5 Nbd7 7. Qd2 b5 8. f3 Bb7 9. a3 Rc8 10. O-O-O e6 11. Bxb5 axb5 12. Ndxb5 Rc6 13. Bf4 e5 14. Bg5 h6 15. Bh4 g5 16. Bf2 Be7 17. g4 Ba6 18. Kb1 Qb8 19. a4 Nb6 20. b3 Kd7 21. h4 Rhc8 22. Rc1 Nxa4 23. Nxa4 Bxb5 24. hxg5 Bxa4 25. gxf6 Bxb3 26. cxb3 Qxb3+ 27. Qb2 Qd3+ 0-1

[Event "Quebec-ch qual 1"]
[Site "Montreal CAN"]
[Date "2004.05.02"]
[Round "5"]
[White "Fillion, Steve"]
[Black "Anastasovski, Nikola"]
[Result "0-1"]
[WhiteElo "2169"]
[BlackElo "2225"]
[PlyCount "104"]
[GameId "2160767911158419"]
[EventDate "2004.04.30"]
[EventType "swiss"]
[EventRounds "5"]
[EventCountry "CAN"]
[SourceTitle "EXT 2005"]
[Source "ChessBase"]
[SourceDate "2004.11.15"]
[SourceVersion "1"]
[SourceVersionDate "2004.11.15"]
[SourceQuality "1"]

1. d4 f5 2. Qd3 e6 3. g4 fxg4 4. h3 g3 5. fxg3 Nf6 6. e4 d6 7. Nf3 Be7 8. e5 Nh5 9. Rg1 O-O 10. Qe4 g6 11. Bh6 Rf7 12. Nbd2 d5 13. Qg4 c5 14. Bd3 Nc6 15. c3 cxd4 16. cxd4 Ng7 17. Bxg7 Rxg7 18. a3 Bd7 19. b4 a6 20. h4 Qb6 21. Rh1 h5 22. Qf4 Rf8 23. Qe3 Be8 24. Rc1 Rgf7 25. Rg1 Rxf3 26. Nxf3 Rxf3 27. Qxf3 Qxd4 28. Ke2 Qb2+ 29. Kd1 Nxe5 30. Qe3 Nxd3 31. Qxd3 Ba4+ 32. Rc2 Bxc2+ 33. Qxc2 Qd4+ 34. Ke2 Qxg1 35. Qxg6+ Kf8 36. Qh6+ Ke8 37. Qxe6 Qg2+ 38. Kd1 Qf3+ 39. Kd2 Kd8 40. Qb6+ Kc8 41. Qe6+ Kd8 42. Qb6+ Ke8 43. Qxb7 Qxa3 44. Qc8+ Kf7 45. Qf5+ Kg7 46. Qe5+ Bf6 47. Qc7+ Kg6 48. Qc2+ Kh6 49. Qc6 Qb2+ 50. Kd1 Qb3+ 51. Kd2 Qxb4+ 52. Kd1 Qd4+ 0-1

[Event "Quebec-ch qual 1"]
[Site "Montreal CAN"]
[Date "2004.05.02"]
[Round "5"]
[White "Julien, Gabi"]
[Black "Gauthier, Denis"]
[Result "1-0"]
[WhiteElo "1720"]
[BlackElo "2018"]
[PlyCount "49"]
[GameId "2160767911158420"]
[EventDate "2004.04.30"]
[EventType "swiss"]
[EventRounds "5"]
[EventCountry "CAN"]

1. e4 d5 2. exd5 Nf6 3. d4 Bg4 4. Nf3 Qxd5 5. Be2 Nc6 6. O-O O-O-O 7. Be3 e6 8. c4 Qd7 9. Qb3 Be7 10. Nc3 Na5 11. Qc2 Bxf3 12. gxf3 Nc6 13. Rfd1 g5 14. a3 g4 15. f4 h5 16. d5 exd5 17. cxd5 Nb8 18. Nb5 Na6 19. Nxa7+ Kb8 20. Nc6+ bxc6 21. dxc6 Qc8 22. Qa4 Nc5 23. Qb5+ Ka8 24. Qa5+ Kb8 25. b4 1-0

[Event "Quebec-ch qual 1"]
[Site "Montreal CAN"]
[Date "2004.05.02"]
[Round "5"]
[White "Landry, Sylvain"]
[Black "Bouchard, Jean-Marc"]
[Result "1/2-1/2"]
[WhiteElo "2092"]
[BlackElo "1916"]
[PlyCount "104"]
[GameId "2160767911158421"]
[EventDate "2004.04.30"]
[EventType "swiss"]
[EventRounds "5"]
[EventCountry "CAN"]

1. e4 e6 2. d4 d5 3. Nc3 Nf6 4. e5 Nfd7 5. f4 c5 6. Nf3 cxd4 7. Nxd4 Nc6 8. Be3 Bb4 9. a3 Bxc3+ 10. bxc3 Nb6 11. Nb5 O-O 12. Bc5 Ne7 13. Qd4 f6 14. Bd3 fxe5 15. fxe5 Nf5 16. Qf2 Rf7 17. O-O Nd7 18. Bd4 a6 19. Na7 Qg5 20. Nxc8 Rxc8 21. Rae1 Rcf8 22. Qe2 Nxd4 23. cxd4 Rxf1+ 24. Rxf1 Rxf1+ 25. Kxf1 Qf4+ 26. Qf2 Qxh2 27. Qf3 Qh4 28. Qe3 Nb8 29. c4 Nc6 30. cxd5 Qxd4 31. Bxh7+ Kxh7 32. Qh3+ Kg8 33. Qxe6+ Kh7 34. dxc6 Qd1+ 35. Kf2 Qd4+ 36. Kg3 Qe3+ 37. Kh2 Qf4+ 38. Kh3 bxc6 39. Qd6 g5 40. Qd7+ Kg8 41. Qe8+ Kg7 42. Qe7+ Kg8 43. g3 Qf5+ 44. Kg2 Qe4+ 45. Kf2 g4 46. Qg5+ Kf7 47. Qf6+ Ke8 48. e6 Qc2+ 49. Ke3 Qc1+ 50. Ke2 Qc2+ 51. Ke1 Qe4+ 52. Kf2 Qc2+ 1/2-1/2

[Event "Quebec-ch qual 1"]
[Site "Montreal CAN"]
[Date "2004.05.02"]
[Round "5"]
[White "Masse, Hugues"]
[Black "Bolduc, Steve"]
[Result "1/2-1/2"]
[WhiteElo "2134"]
[BlackElo "2259"]
[PlyCount "45"]
[GameId "2160767911158422"]
[EventDate "2004.04.30"]
[EventType "swiss"]
[EventRounds "5"]
[EventCountry "CAN"]
[SourceTitle "EXT 2005"]
[Source "ChessBase"]
[SourceDate "2004.11.15"]
[SourceVersion "1"]
[SourceVersionDate "2004.11.15"]
[SourceQuality "1"]

1. d4 d5 2. c4 e6 3. Nc3 c6 4. Nf3 Nf6 5. Bg5 Nbd7 6. e3 Qa5 7. Nd2 dxc4 8. Bxf6 Nxf6 9. Nxc4 Qc7 10. Rc1 Be7 11. Be2 Nd5 12. O-O O-O 13. a3 Nb6 14. Ne5 Nd7 15. Nf3 Qb8 16. Qc2 b6 17. Rfd1 Bb7 18. Ne4 h6 19. Bd3 Rd8 20. b4 a5 21. Qb3 axb4 22. axb4 Qa7 23. Ned2 1/2-1/2

[Event "Quebec-ch qual 1"]
[Site "Montreal CAN"]
[Date "2004.05.02"]
[Round "5"]
[White "Matteau, Pierre"]
[Black "Roy, Guy"]
[Result "0-1"]
[WhiteElo "1867"]
[BlackElo "2071"]
[PlyCount "84"]
[GameId "2160767911158423"]
[EventDate "2004.04.30"]
[EventType "swiss"]
[EventRounds "5"]
[EventCountry "CAN"]

1. Nf3 d5 2. d4 c6 3. g3 Nf6 4. Bg2 g6 5. O-O Bg7 6. Nbd2 O-O 7. Re1 Nbd7 8. e4 dxe4 9. Nxe4 Nxe4 10. Rxe4 Nf6 11. Re2 Bg4 12. h3 Bxf3 13. Bxf3 Qd7 14. Kg2 Rad8 15. Bg5 e6 16. Rd2 h6 17. Be3 Qc7 18. Bf4 Qb6 19. c4 Rd7 20. Be3 Rfd8 21. Qc2 Ne8 22. d5 Qa5 23. b4 Qxb4 24. Rb1 Qa5 25. dxe6 Rxd2 26. exf7+ Kxf7 27. Bxd2 Qxd2 28. Rxb7+ Kf6 29. Qe4 Bf8 30. Bg4 Ng7 31. Qxc6+ Qd6 32. Qf3+ Nf5 33. Bxf5 gxf5 34. g4 Qe5 35. Rb5 Qe6 36. Qc3+ Kf7 37. Rxf5+ Kg8 38. Ra5 Bg7 39. Qe3 Qxc4 40. Rxa7 Rf8 41. Qe7 Qd5+ 42. Kg1 Qd1+ 0-1

[Event "Quebec-ch qual 1"]
[Site "Montreal CAN"]
[Date "2004.05.02"]
[Round "5"]
[White "Solar, Dariusz"]
[Black "Delisle, Louis-Martin"]
[Result "1/2-1/2"]
[WhiteElo "1873"]
[BlackElo "1731"]
[PlyCount "77"]
[GameId "2160767911158424"]
[EventDate "2004.04.30"]
[EventType "swiss"]
[EventRounds "5"]
[EventCountry "CAN"]

1. e4 Nc6 2. d4 e5 3. d5 Nce7 4. c4 Ng6 5. Nc3 Bc5 6. Nge2 Nf6 7. Qd3 Ng4 8. Be3 Nxe3 9. fxe3 Qg5 10. Kd2 a6 11. g3 d6 12. h4 Qd8 13. Bh3 Bxh3 14. Rxh3 Qd7 15. Rh2 O-O 16. Rf1 Rab8 17. a4 Bb4 18. Kc2 Rfc8 19. Rhf2 Nh8 20. b3 f6 21. Rf5 Nf7 22. Qd1 Nh6 23. R5f3 Ng4 24. Rh1 h5 25. Kd3 b5 26. axb5 axb5 27. Nxb5 Rxb5 28. cxb5 Qxb5+ 29. Kc2 Ra8 30. Nc3 Qc5 31. Qd3 Bxc3 32. Qxc3 Ra2+ 33. Kd3 Qb5+ 34. Qc4 Qa5 35. Rd1 Nf2+ 36. Rxf2 Rxf2 37. Qa4 Qxa4 38. bxa4 Ra2 39. Rc1 1/2-1/2

[Event "Quebec-ch qual 1"]
[Site "Montreal CAN"]
[Date "2004.05.02"]
[Round "5"]
[White "Sullivan, Neil"]
[Black "Ramaswamy, Kishor"]
[Result "0-1"]
[WhiteElo "2092"]
[BlackElo "2078"]
[PlyCount "60"]
[GameId "2160767911158426"]
[EventDate "2004.04.30"]
[EventType "swiss"]
[EventRounds "5"]
[EventCountry "CAN"]
[SourceTitle "EXT 2005"]
[Source "ChessBase"]
[SourceDate "2004.11.15"]
[SourceVersion "1"]
[SourceVersionDate "2004.11.15"]
[SourceQuality "1"]

1. Nf3 d5 2. b4 Nf6 3. Bb2 Bg4 4. e3 e6 5. a3 Nbd7 6. d4 Bd6 7. Nbd2 c6 8. c4 O-O 9. h3 Bh5 10. Be2 Ne4 11. Nxe4 dxe4 12. Ne5 Bxe2 13. Qxe2 f5 14. f4 exf3 15. Nxf3 a5 16. c5 Bg3+ 17. Kd1 axb4 18. axb4 Rxa1+ 19. Bxa1 Qa8 20. Bc3 Nf6 21. Qc4 Qa4+ 22. Ke2 Qc2+ 23. Nd2 Ne4 24. Qxe6+ Kh8 25. Qe7 Rb8 26. Kf3 Nxc3 27. Kxg3 Qxd2 28. Qc7 Rf8 29. Qe7 f4+ 30. Kh2 Rg8 0-1

[Event "Quebec-ch qual 2"]
[Site "Montreal CAN"]
[Date "2004.06.04"]
[Round "1"]
[White "Julien, Gabi"]
[Black "Rousseau, Daniel"]
[Result "0-1"]
[WhiteElo "1783"]
[BlackElo "2198"]
[PlyCount "76"]
[GameId "2160767911096292"]
[EventDate "2004.06.04"]
[EventType "swiss"]
[EventRounds "5"]
[EventCountry "CAN"]

1. e4 e5 2. f4 d5 3. exd5 e4 4. d3 exd3 5. Qxd3 Nf6 6. Nc3 Bc5 7. h3 O-O 8. Bd2 Re8+ 9. Nge2 a5 10. O-O-O a4 11. a3 b5 12. Qxb5 Nbd7 13. Nxa4 Bd6 14. Nec3 Nh5 15. g4 Nxf4 16. Qc6 Rb8 17. Bb5 Re7 18. Qc4 Ng6 19. Qd4 Nde5 20. Rhf1 Bd7 21. Bxd7 Rxd7 22. Nc5 Re7 23. Bg5 f6 24. Ne6 Qc8 25. Be3 Qb7 26. Ne4 Qa6 27. N4c5 Qb5 28. a4 Qa5 29. Qc3 Qa8 30. Rd4 Ree8 31. g5 f5 32. h4 Ne7 33. Nf4 Rec8 34. Rb4 Rxb4 35. Qxb4 Rb8 36. Qd4 Ng4 37. Nd7 Rb4 38. c4 Qxa4 0-1

[Event "Quebec-ch qual 2"]
[Site "Montreal CAN"]
[Date "2004.06.04"]
[Round "1"]
[White "Mathews, Theo"]
[Black "Papineau (Granby), Daniel"]
[Result "0-1"]
[WhiteElo "1641"]
[BlackElo "2075"]
[PlyCount "92"]
[GameId "2160767911096295"]
[EventDate "2004.06.04"]
[EventType "swiss"]
[EventRounds "5"]
[EventCountry "CAN"]

1. e4 d5 2. Nc3 Nf6 3. e5 Nfd7 4. d4 e6 5. Nce2 c5 6. c3 Nc6 7. f4 Qb6 8. Nf3 Be7 9. Rb1 O-O 10. Be3 f6 11. Ng3 cxd4 12. Nxd4 fxe5 13. fxe5 Ndxe5 14. Be2 Qd8 15. Rf1 Nxd4 16. Bxd4 Nc6 17. Be3 Rxf1+ 18. Kxf1 Bd6 19. Bf2 Bc7 20. Kg1 Qf6 21. Qd2 Bd7 22. Rf1 Qh4 23. Be1 Ne7 24. Rf3 Ng6 25. Nf1 Qe7 26. Ng3 Bc6 27. Rf1 Qh4 28. Kh1 Rd8 29. Qe3 Re8 30. Qxa7 Qd8 31. Qd4 e5 32. Qd1 Nf4 33. Bd2 Nxe2 34. Qxe2 e4 35. Bf4 Bb6 36. Be3 Bc7 37. Bf4 Qd7 38. Qe3 Bb5 39. Rd1 Qg4 40. Qd4 Bxf4 41. Qxd5+ Kh8 42. Re1 Bc6 43. Qf5 Qxf5 44. Nxf5 Bd2 45. Re2 e3 46. Nd4 Be4 0-1

[Event "Quebec-ch qual 2"]
[Site "Montreal CAN"]
[Date "2004.06.04"]
[Round "1"]
[White "Rua, Alvaro"]
[Black "Roy, Alain"]
[Result "1-0"]
[WhiteElo "1741"]
[BlackElo "2159"]
[PlyCount "93"]
[GameId "2160767911096296"]
[EventDate "2004.06.04"]
[EventType "swiss"]
[EventRounds "5"]
[EventCountry "CAN"]

1. e4 g6 2. d4 Bg7 3. Nf3 c6 4. c4 d6 5. h3 Nf6 6. Nc3 O-O 7. Be3 Nbd7 8. e5 Ne8 9. Qd2 Qa5 10. exd6 Nxd6 11. Bd3 Nf6 12. O-O Nf5 13. a3 Qd8 14. Rad1 a6 15. Rfe1 b5 16. Ne5 Nxe3 17. Qxe3 Bb7 18. Ne4 Nxe4 19. Qxe4 Qd6 20. cxb5 axb5 21. Bxb5 cxb5 22. Qxb7 Rab8 23. Qe4 Rfc8 24. Rc1 e6 25. Red1 f5 26. Qe3 Qd5 27. Re1 b4 28. axb4 Bf8 29. Nd3 Rxc1 30. Rxc1 Rd8 31. b5 Bg7 32. Nb4 Qd6 33. Nc6 Rf8 34. b6 f4 35. Qa3 Qd7 36. Qa7 Rf7 37. Qa8+ Bf8 38. Nd8 Rf5 39. b7 Bd6 40. Nxe6+ Kf7 41. Nd8+ Kg8 42. Rc8 f3 43. Ne6+ Kf7 44. Qa2 Qxe6 45. Rf8+ Bxf8 46. Qxe6+ Kxe6 47. b8=Q 1-0

[Event "Quebec-ch qual 2"]
[Site "Montreal CAN"]
[Date "2004.06.05"]
[Round "2"]
[White "Cloutier, Mathieu"]
[Black "Saint-Hubert, Bernard"]
[Result "1-0"]
[WhiteElo "1996"]
[BlackElo "1223"]
[PlyCount "105"]
[GameId "2160767911096298"]
[EventDate "2004.06.04"]
[EventType "swiss"]
[EventRounds "5"]
[EventCountry "CAN"]

1. e4 e6 2. d4 d5 3. Nd2 Nf6 4. e5 Nfd7 5. f4 c5 6. c3 Nc6 7. Ndf3 Qb6 8. Ne2 cxd4 9. cxd4 Na5 10. b3 Qd8 11. Bd2 b5 12. Nc3 a6 13. Bd3 Bb7 14. O-O Rc8 15. Qe1 Nc6 16. Qg3 Ne7 17. Nh4 Ng6 18. Nxg6 hxg6 19. Bxg6 Qb6 20. f5 fxg6 21. Qxg6+ Kd8 22. Bg5+ Kc7 23. Be3 Nxe5 24. Qg3 Kd7 25. dxe5 d4 26. fxe6+ Kc7 27. Bf2 Qxe6 28. Bxd4 Rh6 29. Qe3 Rg6 30. Ne4 Kb8 31. Rf2 Be7 32. Nd6 Bxd6 33. exd6 Qd5 34. Qd2 Rxd6 35. Be3 Qe5 36. Qxd6+ Qxd6 37. Bf4 Rd8 38. Bxd6+ Rxd6 39. Rc1 g6 40. h3 Be4 41. a4 Kb7 42. a5 Rc6 43. Rf7+ Kc8 44. Rxc6+ Bxc6 45. Rf6 Bd5 46. b4 Be4 47. Rxa6 Kb7 48. Rb6+ Kc7 49. Rxb5 Kc6 50. Rc5+ Kb7 51. Kf2 Ka6 52. g3 Bf5 53. Rxf5 1-0

[Event "Quebec-ch qual 2"]
[Site "Montreal CAN"]
[Date "2004.06.05"]
[Round "2"]
[White "Rousseau, Daniel"]
[Black "Gosselin, Robert"]
[Result "1-0"]
[WhiteElo "2198"]
[BlackElo "1891"]
[PlyCount "67"]
[GameId "2160767911096300"]
[EventDate "2004.06.04"]
[EventType "swiss"]
[EventRounds "5"]
[EventCountry "CAN"]

1. e4 c5 2. Nf3 d6 3. d4 cxd4 4. Nxd4 Nf6 5. Nc3 e6 6. g4 a6 7. g5 Nfd7 8. Rg1 Nc6 9. Be3 Be7 10. h4 Qc7 11. f4 b5 12. Nxc6 Qxc6 13. Bg2 Bb7 14. Qd4 e5 15. Qd2 Nb6 16. Bxb6 Qxb6 17. O-O-O exf4 18. e5 f3 19. exd6 Bxd6 20. Rge1+ Kf8 21. Nd5 Bxd5 22. Qxd5 Rd8 23. Qxf3 Qc7 24. Rf1 Rc8 25. Qd3 Be5 26. Bd5 f6 27. Bb3 Qc6 28. Qf5 Re8 29. Rd7 Re7 30. Rd5 g6 31. Qd3 f5 32. h5 Bc7 33. Rdxf5+ gxf5 34. Qxf5+ 1-0

[Event "Quebec-ch qual 2"]
[Site "Montreal CAN"]
[Date "2004.06.05"]
[Round "2"]
[White "Rua, Alvaro"]
[Black "Bergeron, Marc"]
[Result "0-1"]
[WhiteElo "1741"]
[BlackElo "2018"]
[PlyCount "92"]
[GameId "2160767911096301"]
[EventDate "2004.06.04"]
[EventType "swiss"]
[EventRounds "5"]
[EventCountry "CAN"]

1. e4 Nc6 2. Nf3 d6 3. d4 Nf6 4. Nc3 Bg4 5. Be3 g6 6. Be2 Bg7 7. h3 Bxf3 8. Bxf3 O-O 9. Qd2 e5 10. d5 Nd4 11. Bxd4 exd4 12. Qxd4 Nxe4 13. Qd3 Nxc3 14. bxc3 Re8+ 15. Kf1 Qf6 16. g3 Qxc3 17. Qxc3 Bxc3 18. Rb1 b6 19. Kg2 Re7 20. Rhd1 a5 21. Rb3 Bb4 22. Re3 Rae8 23. Rxe7 Rxe7 24. c4 Kg7 25. Rc1 Kf6 26. Kf1 Bc5 27. Bg2 g5 28. Bf3 Re5 29. Bg2 Rf5 30. f3 Ke5 31. Rd1 h5 32. Rd2 h4 33. Re2+ Kd4 34. Re4+ Kd3 35. gxh4 gxh4 36. Ke1 Re5 37. Bf1+ Kc3 38. Rxe5 dxe5 39. Be2 Kb2 40. a4 Kb3 41. Kd2 Kxa4 42. Kc2 Bd4 43. Bd3 Kb4 44. Be2 a4 45. Bf1 a3 46. Kb1 Kb3 0-1

[Event "Quebec-ch qual 2"]
[Site "Montreal CAN"]
[Date "2004.06.05"]
[Round "3"]
[White "Bergeron, Marc"]
[Black "Malveau, Cedric"]
[Result "1/2-1/2"]
[WhiteElo "2018"]
[BlackElo "1888"]
[PlyCount "54"]
[GameId "2160767911096302"]
[EventDate "2004.06.04"]
[EventType "swiss"]
[EventRounds "5"]
[EventCountry "CAN"]

1. c4 Nf6 2. g3 g6 3. Bg2 Bg7 4. Nc3 c5 5. e4 d6 6. Nge2 Nc6 7. d3 O-O 8. O-O a6 9. h3 Nd4 10. Be3 Ne8 11. Rb1 Nc7 12. b4 Nxe2+ 13. Nxe2 Ne6 14. d4 cxd4 15. Nxd4 Qc7 16. Rc1 Nxd4 17. Bxd4 Be6 18. Bxg7 Kxg7 19. Qd4+ Kg8 20. a4 Rfd8 21. Rfd1 a5 22. b5 b6 23. f4 Rac8 24. g4 f6 25. Rc3 Qc5 26. Qxc5 Rxc5 27. Rdc1 Rdc8 1/2-1/2